| 000 | 005200000a22001810004500 | ||
|---|---|---|---|
| 003 | MACL | ||
| 005 | 20160302115136.0 | ||
| 008 | 160302b xxu||||| |||| 00| 0 eng d | ||
| 040 |
_aMACL _cMACL |
||
| 041 | _aHindi | ||
| 082 | _a891.431 | ||
| 100 |
_aसक्सेना रामजीशरण _941876 |
||
| 245 | _aनिर्झरिणी | ||
| 260 |
_bरामजीशरण सक्सेना _c1952 _aबरेली |
||
| 350 | _a5 | ||
| 650 |
_aPoetry _941877 |
||
| 942 |
_cHIN _k891.431 _2ddc |
||
| 999 |
_c24928 _d24928 |
||